[Event "Venice Autumn op 17th"]
[Site "Venice"]
[Date "2011.10.31"]
[Round "2"]
[White "Maccapan, Fabio"]
[Black "Capaliku, Aleks"]
[Result "0-1"]
[WhiteElo "2022"]
[BlackElo "2097"]
[PlyCount "122"]
[EventDate "2011.10.30"]
[EventType "swiss"]
[EventRounds "5"]
[EventCountry "ITA"]
[SourceTitle "EXT 2012"]
[Source "ChessBase"]
[SourceDate "2011.11.24"]
[SourceVersion "1"]
[SourceVersionDate "2011.11.24"]
[SourceQuality "1"]

1. d4 f5 2. e4 fxe4 3. Nc3 Nf6 4. Bg5 g6 5. h4 h6 6. Bxf6 exf6 7. Nxe4 Qe7 8. Qe2 Kf7 9. Ng3 d5 10. 0-0-0 Qxe2 11. Bxe2 Bd6 12. Bd3 h5 13. N1e2 Be6 14. Nf1 Nd7 15. g3 c5 16. c3 c4 17. Bc2 Bg4 18. Re1 Bf3 19. Rg1 Rhe8 20. Ne3 Re7 21. Nf4 Bxf4 22. gxf4 f5 23. Rg3 Be4 24. Bxe4 Rxe4 25. Rd1 Nf8 26. Nxd5 Rae8 27. Re3 Ne6 28. Rde1 Rd8 29. Rxe4 fxe4 30. Nb4 a5 31. Nc2 Nxf4 32. Rxe4 Nd3+ 33. Kb1 Re8 34. f3 Rxe4 35. fxe4 g5 36. hxg5 h4 37. Ne3 h3 38. Nf1 Kg6 39. Kc2 Kxg5 40. Nh2 Kf4 41. e5 Kf5 42. Nf1 b5 43. a3 Nf4 44. Kd2 Ke4 45. Nh2 Kd5 46. Kc2 Nd3 47. Kb1 Ke6 48. Kc2 Ne1+ 49. Kd2 Nd3 50. Kc2 Kf5 51. Kb1 Nf4 52. Kc2 Nd5 53. Kd2 Kf4 54. Ke2 Ke4 55. Kd2 Nf4 56. Kc2 Ke3 57. Ng4+ Kf3 58. Nh2+ Kg2 59. Ng4 Kg3 60. Ne3 Nd5 61. Nxd5 h2 0-1

[Event "Venice Province-ch 71st"]
[Site "Venice Mestre"]
[Date "2011.01.15"]
[Round "2"]
[White "Maccapan, Fabio"]
[Black "Cecchetto, Vanni"]
[Result "1/2-1/2"]
[WhiteElo "2024"]
[BlackElo "1930"]
[PlyCount "82"]
[EventDate "2011.01.14"]
[EventType "swiss"]
[EventRounds "5"]
[EventCountry "ITA"]
[SourceTitle "EXT 2022"]
[Source "ChessBase"]
[SourceDate "2021.10.06"]
[SourceVersion "1"]
[SourceVersionDate "2021.10.06"]
[SourceQuality "1"]

1. c4 Nf6 2. Nf3 d5 3. cxd5 Nxd5 4. g3 g6 5. Nc3 Nxc3 6. bxc3 b6 7. Bg2 Bb7 8. 0-0 Bg7 9. Qb3 0-0 10. a4 Nd7 11. Ba3 c5 12. a5 Rc8 13. axb6 axb6 14. d3 Ne5 15. Nxe5 Bxg2 16. Kxg2 Bxe5 17. Rab1 Rc6 18. c4 Re6 19. Bb2 Bxb2 20. Qxb2 Qa8+ 21. Kg1 Qc6 22. Ra1 Rb8 23. Ra6 Qc8 24. Rfa1 Rf6 25. Ra7 Qf5 26. f4 Qe6 27. e4 b5 28. e5 Rf5 29. R1a6 Qc8 30. cxb5 c4 31. Rc6 Qd8 32. d4 Rxb5 33. Qxb5 Qxd4+ 34. Kg2 Qxa7 35. Qxc4 Qe3 36. Rc8+ Kg7 37. Qc6 Qe2+ 38. Kg1 Qe1+ 39. Kg2 Rh5 40. h4 Qd2+ 41. Kg1 Qe1+ 1/2-1/2

[Event "Venice Autumn op 15th"]
[Site "Venice"]
[Date "2009.10.31"]
[Round "2"]
[White "Bianchi, Andrea"]
[Black "Maccapan, Fabio"]
[Result "1-0"]
[WhiteElo "2152"]
[BlackElo "2052"]
[PlyCount "37"]
[EventDate "2009.10.30"]
[EventType "swiss"]
[EventRounds "5"]
[EventCountry "ITA"]
[SourceTitle "EXT 2012"]
[Source "ChessBase"]
[SourceDate "2011.11.24"]
[SourceVersion "1"]
[SourceVersionDate "2011.11.24"]
[SourceQuality "1"]

1. e4 e6 2. d3 d5 3. Nd2 c5 4. g3 Nc6 5. Ngf3 dxe4 6. dxe4 e5 7. Bg2 Nf6 8. 0-0 b6 9. c3 Be7 10. Nc4 Qc7 11. Nfxe5 Nxe5 12. Nxe5 Qxe5 13. Bf4 Bg4 14. Bxe5 Bxd1 15. Raxd1 Rd8 16. Bc7 Rd7 17. Bf4 Nh5 18. Be3 Bd6 19. e5 1-0

[Event "Venice Autumn op 15th"]
[Site "Venice"]
[Date "2009.10.31"]
[Round "3"]
[White "Maccapan, Fabio"]
[Black "Pagnutti, Lorenzo"]
[Result "1/2-1/2"]
[WhiteElo "2052"]
[BlackElo "2107"]
[PlyCount "79"]
[EventDate "2009.10.30"]
[EventType "swiss"]
[EventRounds "5"]
[EventCountry "ITA"]
[SourceTitle "EXT 2012"]
[Source "ChessBase"]
[SourceDate "2011.11.24"]
[SourceVersion "1"]
[SourceVersionDate "2011.11.24"]
[SourceQuality "1"]

1. c4 Nf6 2. Nc3 g6 3. g3 Bg7 4. Bg2 0-0 5. Nf3 d6 6. 0-0 Nc6 7. d3 Bd7 8. Rb1 Qc8 9. Nd5 Nxd5 10. cxd5 Nd8 11. Be3 c5 12. dxc6 Nxc6 13. Qd2 Bh3 14. Rfc1 Bxg2 15. Kxg2 Qe6 16. b4 a6 17. Bh6 Rfc8 18. Bxg7 Kxg7 19. Rc2 f6 20. Rbc1 g5 21. h4 g4 22. Ne1 Nd4 23. Rxc8 Rxc8 24. Rxc8 Qxc8 25. e3 Qc6+ 26. Kg1 Qc1 27. Qxc1 Ne2+ 28. Kg2 Nxc1 29. a3 f5 30. f4 Kf6 31. Kf2 d5 32. e4 e6 33. e5+ Ke7 34. Ke3 Nb3 35. Nc2 Kd7 36. Nd4 Nxd4 37. Kxd4 Kc6 38. a4 Kb6 39. Kc3 Kc6 40. Kd4 1/2-1/2

[Event "Venice Autumn op 13th"]
[Site "Venice"]
[Date "2007.11.02"]
[Round "3"]
[White "Rezzuti, Vincenzo"]
[Black "Maccapan, Fabio"]
[Result "1/2-1/2"]
[WhiteElo "2017"]
[BlackElo "2072"]
[PlyCount "36"]
[EventDate "2007.11.01"]
[EventType "swiss"]
[EventRounds "6"]
[EventCountry "ITA"]
[SourceTitle "EXT 2008"]
[Source "ChessBase"]
[SourceDate "2007.11.25"]
[SourceVersion "1"]
[SourceVersionDate "2007.11.25"]
[SourceQuality "1"]

1. e4 e5 2. f4 exf4 3. Nf3 Ne7 4. d4 d5 5. exd5 Nxd5 6. Bc4 c6 7. 0-0 Be7 8. Nc3 0-0 9. Nxd5 cxd5 10. Bd3 g5 11. h4 h6 12. hxg5 hxg5 13. Ne5 f5 14. Qh5 Bf6 15. Qg6+ Bg7 16. Ng4 Qb6 17. Nh6+ Kh8 18. Nf7+ Kg8 1/2-1/2

[Event "Alta Padovana op-A 6th"]
[Site "Loreggia"]
[Date "2006.02.26"]
[Round "5.2"]
[White "Vianello, Enrico"]
[Black "Maccapan, Fabio"]
[Result "1/2-1/2"]
[WhiteElo "2087"]
[BlackElo "1940"]
[PlyCount "129"]
[EventDate "2006.02.24"]
[EventType "swiss"]
[EventRounds "5"]
[EventCountry "ITA"]
[SourceTitle "EXT 2024"]
[Source "ChessBase"]
[SourceDate "2023.10.10"]
[SourceVersion "1"]
[SourceVersionDate "2023.10.10"]
[SourceQuality "1"]

1. d4 e6 2. Nf3 f5 3. g3 Nf6 4. Bg2 Be7 5. c4 d5 6. b3 c6 7. 0-0 0-0 8. Ba3 Bxa3 9. Nxa3 Nbd7 10. Nc2 Ne4 11. Nce1 g5 12. Nd3 g4 13. Nfe5 Ng5 14. Qd2 Nf7 15. Qf4 Ndxe5 16. Nxe5 Nxe5 17. Qxe5 Rf7 18. Rfc1 Qf6 19. Qxf6 Rxf6 20. e3 Bd7 21. b4 Rff8 22. Bf1 Kf7 23. cxd5 exd5 24. Rab1 a6 25. h4 Ke7 26. Bd3 h6 27. Kf1 Kd6 28. Ke2 Ke7 29. Kd2 Kd6 30. a4 Rfc8 31. Rc5 b6 32. Rc3 Ra7 33. Ke2 Raa8 34. f3 a5 35. Bc2 Rc7 36. bxa5 bxa5 37. Rc5 Rcc8 38. fxg4 fxg4 39. Rf1 Rf8 40. Rf4 Rxf4 41. exf4 Re8+ 42. Kf2 Ra8 43. Bg6 Rb8 44. Rxa5 Rb2+ 45. Ke3 Rg2 46. f5 Rxg3+ 47. Kf4 Rd3 48. Kxg4 Rxd4+ 49. Kh5 Ke5 50. Kxh6 Rxh4+ 51. Kg5 Rh2 52. Rc5 Rg2+ 53. Kh4 Kf6 54. Rc1 d4 55. a5 c5 56. Ra1 d3 57. a6 d2 58. a7 Bc6 59. a8Q Bxa8 60. Rxa8 Ke5 61. Rd8 c4 62. Kh3 c3 63. Kxg2 c2 64. Rxd2 c1Q 65. Re2+ 1/2-1/2

[Event "Vicenza op 6th"]
[Site "Vicenza"]
[Date "2002.10.??"]
[Round "4"]
[White "Gennari, Leone"]
[Black "Maccapan, Fabio"]
[Result "0-1"]
[WhiteElo "1900"]
[BlackElo "1810"]
[PlyCount "46"]
[EventDate "2002.10.05"]
[EventType "swiss"]
[EventRounds "6"]
[EventCountry "ITA"]
[SourceTitle "EXT 2023"]
[Source "ChessBase"]
[SourceDate "2022.10.05"]
[SourceVersion "1"]
[SourceVersionDate "2022.10.05"]
[SourceQuality "1"]

1. d4 Nf6 2. c4 c5 3. d5 e6 4. Nc3 exd5 5. Nxd5 Nxd5 6. Qxd5 Nc6 7. Nf3 d6 8. Ng5 Qf6 9. g3 Be7 10. Bg2 Nd4 11. Be4 h6 12. Nf3 Nxf3+ 13. Bxf3 Rb8 14. 0-0 0-0 15. Rb1 b5 16. cxb5 Rxb5 17. b3 Bf5 18. Bb2 Qe6 19. Rbd1 Rfb8 20. Bc3 R8b6 21. Rd2 Qxd5 22. Bxd5 Be6 23. Rfd1 Ra6 0-1

[Event "Vicenza op 6th"]
[Site "Vicenza"]
[Date "2002.10.??"]
[Round "3"]
[White "Maccapan, Fabio"]
[Black "Giacomelli, Gianni"]
[Result "1/2-1/2"]
[WhiteElo "1810"]
[BlackElo "1836"]
[PlyCount "54"]
[EventDate "2002.10.05"]
[EventType "swiss"]
[EventRounds "6"]
[EventCountry "ITA"]
[SourceTitle "EXT 2023"]
[Source "ChessBase"]
[SourceDate "2022.10.05"]
[SourceVersion "1"]
[SourceVersionDate "2022.10.05"]
[SourceQuality "1"]

1. Nf3 Nf6 2. g3 b6 3. Bg2 Bb7 4. 0-0 e6 5. d3 Be7 6. e4 0-0 7. Nbd2 d6 8. c3 Nbd7 9. Re1 e5 10. Nf1 Nc5 11. Ne3 g6 12. Qc2 Kh8 13. b4 Ne6 14. Bb2 Ng8 15. d4 Ng5 16. Nxg5 Bxg5 17. dxe5 Bxe3 18. Rxe3 dxe5 19. c4 f6 20. Rd1 Qe7 21. a3 Nh6 22. Red3 Rfd8 23. Qd2 Nf7 24. Qc3 Rxd3 25. Rxd3 Rd8 26. Qd2 Rxd3 27. Qxd3 Qd6 1/2-1/2

[Event "Padova op-B 3rd"]
[Site "Padova"]
[Date "2000.12.10"]
[Round "6.5"]
[White "Carini, Massimo"]
[Black "Maccapan, Fabio"]
[Result "1-0"]
[WhiteElo "1881"]
[BlackElo "1738"]
[PlyCount "41"]
[EventDate "2000.12.02"]
[EventType "swiss"]
[EventRounds "6"]
[EventCountry "ITA"]
[SourceTitle "EXT 2024"]
[Source "ChessBase"]
[SourceDate "2023.10.10"]
[SourceVersion "1"]
[SourceVersionDate "2023.10.10"]
[SourceQuality "1"]

1. e4 c6 2. d4 d5 3. e5 Bf5 4. Bd3 Bxd3 5. Qxd3 e6 6. Nf3 Qb6 7. 0-0 c5 8. c3 Nc6 9. a3 Nge7 10. b4 cxd4 11. cxd4 Nf5 12. Be3 h5 13. Nc3 Qd8 14. Rac1 Qd7 15. Nd2 Be7 16. Nb3 b6 17. b5 Na5 18. Nxa5 bxa5 19. Na4 Rb8 20. Nc5 Qxb5 21. Rb1 1-0

[Event "Padova op-B 3rd"]
[Site "Padova"]
[Date "2000.12.09"]
[Round "4.6"]
[White "Maccapan, Fabio"]
[Black "Giancotti, Eraldo"]
[Result "1-0"]
[WhiteElo "1738"]
[BlackElo "1790"]
[PlyCount "76"]
[EventDate "2000.12.02"]
[EventType "swiss"]
[EventRounds "6"]
[EventCountry "ITA"]
[SourceTitle "EXT 2024"]
[Source "ChessBase"]
[SourceDate "2023.10.10"]
[SourceVersion "1"]
[SourceVersionDate "2023.10.10"]
[SourceQuality "1"]

1. d4 g6 2. Nf3 Bg7 3. c4 f5 4. g3 Nf6 5. Bg2 0-0 6. 0-0 d6 7. b3 c5 8. e3 Na6 9. Bb2 Rb8 10. Nc3 cxd4 11. exd4 Nc7 12. Re1 h6 13. Qc2 Bd7 14. Rad1 a6 15. d5 b5 16. Nd4 bxc4 17. bxc4 Rb4 18. Ba3 Rxc4 19. Qb3 Rxd4 20. Rxd4 Ne4 21. Rdxe4 fxe4 22. Nxe4 Qb8 23. Nd2 Qxb3 24. Nxb3 Kf7 25. Bc1 Rb8 26. Be3 Nb5 27. h4 Nc3 28. Bd4 Bxd4 29. Nxd4 Nxa2 30. Nc6 Bxc6 31. dxc6 Rc8 32. Bd5+ Kf8 33. Bxa2 Rxc6 34. Re6 Rc2 35. Bb3 Rc3 36. Re3 Rc1+ 37. Kg2 g5 38. hxg5 hxg5 1-0

[Event "Padova op-B 3rd"]
[Site "Padova"]
[Date "2000.12.03"]
[Round "3.10"]
[White "Maccapan, Fabio"]
[Black "Bonani, Georg"]
[Result "1-0"]
[WhiteElo "1738"]
[BlackElo "1626"]
[PlyCount "117"]
[EventDate "2000.12.02"]
[EventType "swiss"]
[EventRounds "6"]
[EventCountry "ITA"]
[SourceTitle "EXT 2024"]
[Source "ChessBase"]
[SourceDate "2023.10.10"]
[SourceVersion "1"]
[SourceVersionDate "2023.10.10"]
[SourceQuality "1"]

1. e4 e5 2. Bc4 Nf6 3. d3 Be7 4. Nf3 d6 5. c3 Nfd7 6. d4 Nc6 7. Bb3 Nf6 8. d5 Nb8 9. Bc2 0-0 10. h3 Ne8 11. c4 f5 12. Nc3 f4 13. Bd2 h5 14. h4 Nf6 15. Qe2 Ng4 16. 0-0-0 b6 17. Kb1 Nd7 18. Nh2 Ndf6 19. Nxg4 hxg4 20. g3 f3 21. Qf1 Nd7 22. h5 Bg5 23. Bxg5 Qxg5 24. Rh4 Kf7 25. h6 gxh6 26. Qh1 Rh8 27. Qh2 h5 28. Rh1 Kg6 29. Nd1 Nf6 30. Ne3 Bd7 31. Qg1 Qh6 32. Qd1 Qf8 33. Qd2 b5 34. Rd1 a5 35. Bd3 b4 36. Rhh1 c5 37. dxc6 Bxc6 38. Nd5 Ra7 39. Bc2 Qb8 40. Nxf6 Kxf6 41. Qxd6+ Qxd6 42. Rxd6+ Kg5 43. Rxc6 h4 44. Rxh4 Rxh4 45. gxh4+ Kxh4 46. Rh6+ Kg5 47. Rh8 Rd7 48. Kc1 Rd4 49. b3 a4 50. Rh1 axb3 51. axb3 Kf4 52. Rd1 g3 53. fxg3+ Kxg3 54. Rxd4 exd4 55. Bd3 f2 56. c5 Kf4 57. Kd2 f1Q 58. Bxf1 Kxe4 59. c6 1-0

[Event "Padova op-B 3rd"]
[Site "Padova"]
[Date "2000.12.03"]
[Round "2.10"]
[White "Solinas, Roberto"]
[Black "Maccapan, Fabio"]
[Result "1/2-1/2"]
[WhiteElo "1606"]
[BlackElo "1738"]
[PlyCount "41"]
[EventDate "2000.12.02"]
[EventType "swiss"]
[EventRounds "6"]
[EventCountry "ITA"]
[SourceTitle "EXT 2024"]
[Source "ChessBase"]
[SourceDate "2023.10.10"]
[SourceVersion "1"]
[SourceVersionDate "2023.10.10"]
[SourceQuality "1"]

1. d4 d5 2. Nf3 c6 3. e3 Nf6 4. Bd3 Bg4 5. Nbd2 Nbd7 6. 0-0 e5 7. dxe5 Nxe5 8. Be2 Nxf3+ 9. Bxf3 Bf5 10. b3 Bd6 11. Bb2 0-0 12. c4 Ne4 13. cxd5 cxd5 14. Nxe4 dxe4 15. Bg4 Bxh2+ 16. Kxh2 Qh4+ 17. Kg1 Bxg4 18. Qd4 Qg5 19. Qxe4 Be6 20. Qe5 Qxe5 21. Bxe5 1/2-1/2